| 000 | 00590nam a2200181Ia 4500 | ||
|---|---|---|---|
| 008 | 090630s9999 xx 000 0 und d | ||
| 082 | _b18803 | ||
| 100 | _aवर्तक उषा. | ||
| 245 |
_aशापित राजकन्या. _cवर्तक उषा. |
||
| 260 | _bशकुन - पुणे. | ||
| 300 | _a16 | ||
| 600 | _aवर्तक उषा. | ||
| 630 | _aशापित राजकन्या. | ||
| 655 | _aबालवाङमय. | ||
| 700 | _aवर्तक उषा. | ||
| 730 | _aशापित राजकन्या. | ||
| 942 | _cBOOK | ||
| 999 |
_c270659 _d270659 |
||